Introduction to social movements /
Este libro provee un marco sociológico para la interpretación de los movimientos sociales. El objetivo que es vasto y complejo, y a pesar de un intensificado esfuerzo desde los movimientos de los derechos civiles en la década de 1950, la literatura sociológica es escasa e inquietantemente uniforme....
Αποθηκεύτηκε σε:
| Κύριος συγγραφέας: | |
|---|---|
| Μορφή: | Άγνωστο |
| Γλώσσα: | English |
| Έκδοση: |
New York (State) :
Basic Books, Inc, Publischer
|
| Θέματα: | |
| Ετικέτες: |
Προσθήκη ετικέτας
Δεν υπάρχουν, Καταχωρήστε ετικέτα πρώτοι!
|
MARC
| LEADER | 00000 a2200000 04500 | ||
|---|---|---|---|
| 001 | 40144 | ||
| 003 | cru CIDCACS/IIS | ||
| 005 | 20171109154156.0 | ||
| 008 | 050526s1973 nyu eng d | ||
| 999 | |c 14700 |d 14700 | ||
| 020 | |a [Pendiente] | ||
| 040 | |c CIDCACS/IIS | ||
| 090 | |a 05.03.04 W749i | ||
| 100 | |a Wilson, John | ||
| 245 | |a Introduction to social movements / |c John Wilson | ||
| 260 | |a New York (State) : |b Basic Books, Inc, Publischer | ||
| 300 | |a 369 páginas | ||
| 500 | |a Colección donada por Paul Almeida | ||
| 520 | |a Este libro provee un marco sociológico para la interpretación de los movimientos sociales. El objetivo que es vasto y complejo, y a pesar de un intensificado esfuerzo desde los movimientos de los derechos civiles en la década de 1950, la literatura sociológica es escasa e inquietantemente uniforme. El libro recopila y evalúa las conclusiones finales de esa literatura. Dentro del sentido de ese texto, más que hacer una mirada retrospectiva propone un uso para la investigación y el estudiante inicial. El propósito del libro es servir para localizar las debilidades de los problemas teóricos y metodológicos de este enfoque el cual revela datos insuficientes y prejuicios en el estado actual de la información. Por ello se propone como una necesidad el avance teórico y del método en el estudio de esta área. | ||
| 590 | |a RRA/MAYO2011 | ||
| 650 | |a MOVIMIENTOS SOCIALES | ||
| 650 | |a CONFLICTOS SOCIALES | ||
| 650 | |a ESTRUCTURA ORGANIZACIONAL | ||
| 650 | |a TEORIA | ||
| 650 | |a METODOLOGIA | ||
| 650 | |a ANALISIS SOCIOLOGICO | ||
| 942 | |2 ddc |c LI | ||
